000 00384nam a2200157Ia 4500
003 Ost
005 20260225132554.0
008 260225s9999||||xx |||||||||||||| ||und||
040 _cfsic
041 _afre
082 _a440
100 _aUrteaga Eguzki
_eAuteur
245 0 _aLes Journaliste locaux :
245 0 _bfragilisation d'une profession /
_cUrteaga Eguzki
942 _cكتاب
999 _c34346
_d34346